Gaming Quiz

Random Gaming or Japanese Quiz

Yume Nikki Character Names Quiz Stats

Quiz not verified by Sporcle

Challenge
Share
Tweet
Embed
Score 0/14 Timer 15:00
0 Plays Today
% Correct
Madotsuki
93.2%
Uboa
89.3%
Poniko
84.5%
Monoko
81.6%
Monoe
81.6%
Seccom Masada-sensei
68%
Toriningen
50.5%
% Correct
Mars-san
48.5%
Shitai-san
45.6%
Dave Spector
35.9%
Mafurako
33%
Tokuto-kun
25.2%
Aztec Rave Monkey
13.6%
10.7%

You're not logged in!

Compare scores with friends on all Sporcle quizzes.
Sign Up with Email
OR
Log In

You Might Also Like...

Show Comments

Extras

Top Quizzes Today


Score Distribution

Your Account Isn't Verified!

In order to create a playlist on Sporcle, you need to verify the email address you used during registration. Go to your Sporcle Settings to finish the process.